[Event "XXXI Campeonato Regional Absoluto Individual"]
[Site "Museo del Vino - Jumilla 2016"]
[Date "2016.04.16"]
[Round "3.8"]
[White "Daniel Navarro Martínez"]
[Black "Pablo Jiménez Ruiz"]
[WhiteElo "1932"]
[BlackElo "1551"]
[Result "1-0"]

1. e4 d5 2. exd5 Nf6 3. d4 Nxd5 4. c4 Nb6 5. Be3 e5 6. dxe5 Qxd1+ 7. Kxd1 Nc6 
8. f4 Be6 9. Nd2 O-O-O 10. b3 Bb4 11. a3 Bc3 12. Ra2 Nd4 13. Bxd4 Rxd4 14. Rc2 Bxd2 
15. Rxd2 Rxf4 16. Nf3 Bg4 17. Be2 Nd7 18. Re1 Nc5 19. Rd4 Rxd4+ 20. Nxd4 Bxe2+ 
21. Kxe2 Re8 22. Kd2 Ne6 23. Nf5 Rd8+ 24. Kc3 Rd7 25. Re3 Kd8 26. Rg3 g6 27. Nh6 Nf4 
28. Rf3 Nxg2 29. Nxf7+ Ke8 30. Nh6 Nh4 31. Rh3 g5 32. Ng8 Rf7 33. Nf6+ Ke7 34. Ne4 Rf3+ 
35. Rxf3 Nxf3 36. h3 b6 37. Nf6 Nxe5 38. Nxh7 g4 39. hxg4 Nxg4 40. Kb4 Kd6 41. Kb5 Ne5 
42. Nf6 Nd3 43. b4 c5 44. Ne4+ Ke5 45. bxc5 Nxc5 46. Nxc5 bxc5 47. Kxc5 a5 48. Kc6 a4 
49. c5 1-0

[Event "XXXI Campeonato Regional Absoluto Individual"]
[Site "Museo del Vino - Jumilla 2016"]
[Date "2016.04.16"]
[Round "3.9"]
[White "Iban Lucas Vega"]
[Black "Lázaro Salar Pagán"]
[WhiteElo "2209"]
[BlackElo "1654"]
[Result "1-0"]

1. e4 e5 2. f4 Qh4+ 3. g3 Qe7 4. d3 exf4 5. Bxf4 Qb4+ 6. Nd2 Qxb2 7. Ngf3 c6 
8. Bh3 Qa3 9. O-O b5 10. Ng5 Nf6 11. e5 Nd5 12. Nde4 Nxf4 13. Rxf4 Bc5+ 14. d4 Qe3+ 
15. Kh1 h6 16. Nxf7 O-O 17. Qh5 Be7 18. Nxh6+ gxh6 19. Qg6+ Kh8 20. Qxh6+ Kg8 
21. Rg4+ Bg5 22. Rxg5+ Qxg5 23. Qxg5+ Kh8 24. Qh6+ Kg8 1-0

[Event "XXXI Campeonato Regional Absoluto Individual"]
[Site "Museo del Vino - Jumilla 2016"]
[Date "2016.04.16"]
[Round "3.10"]
[White "José Carlos Martínez Bastida"]
[Black "José Joaquín Sánchez Fernández"]
[WhiteElo "1650"]
[BlackElo "1939"]
[Result "1-0"]

1. e4 g6 2. d4 Bg7 3. Nc3 c5 4. d5 d6 5. Be2 Nf6 6. h3 O-O 7. Bf4 a6 8. a4 Qa5 
9. Bd2 Bd7 10. Nf3 Qc7 11. O-O b6 12. Bf4 Ne8 13. Bc4 f6 14. Re1 Qc8 15. Qd2 Kh8 
16. h4 Nc7 17. Qd3 Be8 18. Qe3 Qb7 19. Qe2 Nd7 20. Red1 Rb8 21. Ra3 b5 22. axb5 Nxb5 
23. Rb3 Nxc3 24. bxc3 Qc7 25. Bxa6 Rxb3 26. cxb3 Qa5 27. Rc1 Qa3 28. Rb1 Ne5 
29. Nxe5 fxe5 30. Bg5 Bf6 31. Bc4 Bxg5 32. hxg5 Qa7 33. Qb2 Qb6 34. f3 Bb5 
35. Qe2 Bxc4 36. Qxc4 Ra8 37. Rb2 Qa7 38. Kf2 Qa1 39. Qe2 Qh1 40. Ra2 Qh4+ 
41. Kf1 Qh1+ 42. Kf2 Rb8 43. Ra3 Qh4+ 44. Kf1 Qxg5 45. Qc2 Qe3 46. Ra4 Rf8 47. Rc4 h5 
48. Qe2 Qf4 49. Qe1 h4 50. Ke2 h3 51. Qh1 h2 52. Ra4 Qg3 53. Ra2 Rb8 54. Rb2 g5 
55. Kd3 g4 56. Kc4 Kg7 57. fxg4 Qe3 58. g3 Qxg3 59. Rxh2 Kg6 60. Rh7 Rg8 
61. Qh6# 1-0

[Event "XXXI Campeonato Regional Absoluto Individual"]
[Site "Museo del Vino - Jumilla 2016"]
[Date "2016.04.16"]
[Round "3.11"]
[White "Pedro Pol Plazas"]
[Black "Antonio Palao Morales"]
[WhiteElo "1888"]
[BlackElo "1637"]
[Result "1-0"]

1. e4 e6 2. d4 d5 3. Nc3 Bb4 4. e5 c5 5. a3 Bxc3+ 6. bxc3 c4 7. Qg4 g6 8. a4 Qa5 
9. Ne2 Bd7 10. g3 Bxa4 11. Bg2 Qb5 12. Ra2 Qd7 13. Ba3 Ne7 14. Qg5 b5 15. O-O Nbc6 
16. Bd6 O-O 17. Nf4 f6 18. Qg4 f5 19. Qg5 Rf7 20. h4 Raf8 21. h5 Rg7 22. h6 Rgf7 
23. Rb1 Re8 24. Nh5 Ref8 25. Bc5 Kh8 26. Nf6 Qc7 27. f4 Rd8 28. Bd6 Qc8 29. Bc5 Ng8 
30. Nxg8 Kxg8 31. Bh3 Re8 32. g4 Ne7 33. Bxa7 fxg4 34. Bxg4 Nf5 35. Bc5 Ne3 
36. Kf2 Bxc2 37. Rxc2 Nxc2 38. Rb2 Nxd4 39. Bxd4 Qa6 40. Bc5 Qa1 41. Rd2 Ra7 
42. Bxe6+ Rxe6 43. Qd8+ 1-0

[Event "XXXI Campeonato Regional Absoluto Individual"]
[Site "Museo del Vino - Jumilla 2016"]
[Date "2016.04.16"]
[Round "3.12"]
[White "Julio César Herreros Guillermo"]
[Black "Ernesto Jesús Rico Guardiola"]
[WhiteElo "1855"]
[BlackElo "1633"]
[Result "1-0"]

1. e4 e6 2. d4 d5 3. Bd3 Nf6 4. e5 Nfd7 5. Nf3 c5 6. c3 Nc6 7. O-O Be7 8. Na3 cxd4 
9. cxd4 Nb6 10. Nc2 Bd7 11. b3 a5 12. a3 a4 13. Rb1 axb3 14. Rxb3 Na5 15. Rb1 Na4 
16. Bd2 Qc7 17. Nb4 Nc3 18. Qc2 Rc8 19. Bxc3 Qxc3 20. Qa2 Bxb4 21. axb4 Nc6 22. Bb5 Nxe5 
23. Bxd7+ Nxd7 24. Qa7 Qc7 25. b5 Nb6 26. Qa3 Ra8 27. Qd3 O-O 28. Ng5 g6 29. Qh3 h5 
30. g4 Qe7 31. f4 f6 32. Nf3 hxg4 33. Qxg4 Qf7 34. Nh4 Kg7 35. f5 exf5 36. Nxf5+ Kh8 
37. Rb3 Qe8 38. Re3 1-0

[Event "XXXI Campeonato Regional Absoluto Individual"]
[Site "Museo del Vino - Jumilla 2016"]
[Date "2016.04.16"]
[Round "3.13"]
[White "Juan Sergio Pérez Hernández"]
[Black "Pedro Muñoz Candela"]
[WhiteElo "1838"]
[BlackElo "1628"]
[Result "1-0"]

1. d4 Nf6 2. Bg5 e6 3. Nf3 d5 4. e3 a6 5. Bd3 c5 6. c3 c4 7. Bc2 b5 8. O-O Bb7 
9. Ne5 Be7 10. f4 h6 11. Bh4 O-O 12. f5 Nbd7 13. fxe6 Nxe5 14. dxe5 Ne4 15. exf7+ Rxf7 
16. Rxf7 Kxf7 17. Qf3+ Kg8 18. Bg3 Qb6 19. Bxe4 dxe4 20. Qe2 Bc5 21. Bf2 Re8 
22. Nd2 Rxe5 23. Re1 Qd8 24. b3 cxb3 25. axb3 Qg5 26. b4 Bb6 27. Nb3 h5 28. Nd4 Bxd4 
29. cxd4 Re8 30. Rc1 Bd5 31. Rc5 Rd8 32. Qe1 Qg4 33. h3 Qd7 34. Qd1 g6 35. Qa1 Qb7 
36. Bg3 Bc4 37. Rc7 Qd5 38. Qxa6 Qf5 39. Be5 Qf1+ 40. Kh2 Bf7 41. Rc8 Rf8 42. Rxf8+ Kxf8 
43. Qa8+ Be8 44. Qxe4 Qe1 45. Bd6+ 1-0

[Event "XXXI Campeonato Regional Absoluto Individual"]
[Site "Museo del Vino - Jumilla 2016"]
[Date "2016.04.16"]
[Round "3.14"]
[White "Jaime Espadiña Solano"]
[Black "Antonio Ruiz Sánchez"]
[WhiteElo "1736"]
[BlackElo "1552"]
[Result "1-0"]

1. e4 d6 2. d4 Nf6 3. Nc3 g6 4. Be3 Bg7 5. Qd2 h6 6. f3 Nc6 7. O-O-O e5 8. Nge2 exd4 
9. Nxd4 Ne5 10. Be2 a6 11. g4 Bd7 12. g5 hxg5 13. Bxg5 c5 14. Nb3 Qb6 15. Qxd6 Qxd6 
16. Rxd6 Ke7 17. Rxf6 Bh6 18. Rxg6+ Bxg5+ 19. Rxg5 Kf6 20. f4 Bc6 21. Rxe5 Rh4 22. Rf5+ Ke7 
23. Bc4 b5 24. Bd5 Bxd5 25. Nxd5+ Kf8 26. Nxc5 Rg4 27. Ne6+ Kg8 28. Nf6+ 1-0

[Event "XXXI Campeonato Regional Absoluto Individual"]
[Site "Museo del Vino - Jumilla 2016"]
[Date "2016.04.16"]
[Round "3.15"]
[White "Francisco Pérez García"]
[Black "Manuel Giménez Gil"]
[WhiteElo "1537"]
[BlackElo "1727"]
[Result "1/2-1/2"]

1. e4 e5 2. Nf3 Nc6 3. Bc4 Bc5 4. Nc3 Nf6 5. O-O O-O 6. d3 h6 7. h3 a6 8. a3 b5 
9. Ba2 Bb7 10. Re1 d6 11. Ne2 d5 12. exd5 Nxd5 13. Ng3 Re8 14. Nf5 Nf4 15. Bxf4 exf4 
16. Qd2 Qf6 17. Qxf4 Kf8 18. Qxc7 Qxf5 19. Qxb7 Rec8 20. Re2 Ra7 21. g4 Qxg4+ 
22. hxg4 Rxb7 23. Rae1 Rd8 24. Re4 Rbd7 25. Kg2 Be7 26. b4 Bf6 27. Rb1 Rc8 28. Bb3 Bc3 
29. a4 Bxb4 30. axb5 axb5 31. Ne5 Nxe5 32. Rxe5 Rc5 33. Rbe1 Bxe1 34. Rxc5 b4 
35. Ba4 Rd8 36. f3 Bc3 37. Rc7 Be5 38. Rb7 Bd6 39. Bb5 Be7 1/2-1/2

[Event "XXXI Campeonato Regional Absoluto Individual"]
[Site "Museo del Vino - Jumilla 2016"]
[Date "2016.04.16"]
[Round "3.16"]
[White "Fidel Torres Gómez"]
[Black "Juan José Reina Fernández"]
[WhiteElo "1268"]
[BlackElo "1714"]
[BlackTitle "AFM"]
[Result "0-1"]

1. e4 e5 2. Nf3 Nc6 3. Nc3 Nf6 4. a3 Bc5 5. b4 Bd4 6. Bb2 Bxc3 7. Bxc3 Nxe4 8. b5 Nxc3 
9. bxc6 Nxd1 10. cxd7+ Bxd7 11. Rxd1 Qe7 12. Be2 O-O 13. d4 exd4 14. Rxd4 Rfe8 
15. Rd2 Bb5 16. Nd4 Bxe2 17. Rxe2 Qxa3 18. O-O Rxe2 19. Nxe2 Re8 20. Nd4 Qc5 
21. Rd1 Qxd4 0-1

[Event "XXXI Campeonato Regional Absoluto Individual"]
[Site "Museo del Vino - Jumilla 2016"]
[Date "2016.04.16"]
[Round "3.20"]
[White "José Alfredo Caballero Frutos"]
[Black "José Miguel Abad González"]
[WhiteElo "1639"]
[BlackElo "1848"]
[Result "1-0"]

1. d4 Nf6 2. c4 e5 3. dxe5 Ng4 4. Nf3 Nc6 5. Bf4 Bb4+ 6. Nbd2 Qe7 7. a3 Bc5 8. 
e3 a5 9. Be2 Ncxe5 10. Nxe5 Nxe5 11. O-O O-O 12. Nb3 Bb6 13. c5 Ba7 14. Qd5 Re8 
15. Rac1 Bb8 16. Rfe1 a4 17. Nd4 c6 18. Qa2 d5 19. cxd6 Bxd6 20. Qb1 Bc5 21. Nf5 
Qf8 22. Qc2 b6 23. Nd4 Bb7 24. Nf5 Ba6 25. Bxa6 Rxa6 26. Qc3 f6 27. Bxe5 fxe5 
28. Qc4+ Qf7 29. Nh6+ gxh6 30. Qxa6 Rf8 31. Qc4 1-0

[Event "XXXI Campeonato Regional Absoluto Individual"]
[Site "Museo del Vino - Jumilla 2016"]
[Date "2016.04.16"]
[Round "3.21"]
[White "Antonio Campos Rodríguez"]
[Black "Pedro Salmerón Castro"]
[WhiteElo "1716"]
[BlackElo "1360"]
[Result "0-1"]

1. e4 e5 2. Nf3 Nc6 3. Bb5 Nf6 4. d3 d6 5. h3 Bd7 6. Bg5 Be7 7. Nc3 a6 8. Ba4 b5 
9. Bb3 Na5 10. O-O Nxb3 11. cxb3 c6 12. Qd2 h6 13. Be3 a5 14. Ne2 c5 15. Ng3 Be6 
16. Rfc1 b4 17. Qe2 Nh7 18. Nf1 Ng5 19. Nxg5 hxg5 20. Ng3 g6 21. f3 f5 22. exf5 gxf5 
23. Bf2 Rc8 24. Re1 Qd7 25. Qf1 Rh6 26. Re2 Kf7 27. Be1 Rch8 28. Bd2 f4 29. Ne4 Bxh3 
30. gxh3 Rxh3 31. Qg2 Kg6 32. Rc1 d5 33. Nxc5 Bxc5+ 34. Rxc5 Rg3 35. Qxg3 fxg3 
36. Rxe5 Rh1+ 0-1

[Event "XXXI Campeonato Regional Absoluto Individual"]
[Site "Museo del Vino - Jumilla 2016"]
[Date "2016.04.16"]
[Round "3.22"]
[White "Joaquín Macia Senent"]
[Black "Diego Mauricio Santos Quesada"]
[WhiteElo "1407"]
[BlackElo "1520"]
[Result "1/2-1/2"]

1. d4 Nf6 2. c4 e6 3. Nc3 Bb4 4. Nf3 d6 5. e3 Bxc3+ 6. bxc3 Nbd7 7. Bd3 O-O 
8. Qc2 b6 9. e4 h6 10. O-O Bb7 11. h3 c5 12. Re1 Rc8 13. d5 e5 14. Nh2 Nh5 
15. Be2 Nf4 16. Bxf4 exf4 17. Bg4 Ra8 18. Bxd7 Qxd7 19. e5 dxe5 20. Rxe5 Qd6 
21. Rae1 a5 22. Nf3 Ba6 23. R1e4 Bc8 24. Re1 Ba6 25. Qe2 Rab8 26. a4 Qd7 
27. Qa2 Qd6 28. Nh4 g6 29. Nf3 Bc8 30. Qd2 Qf6 31. Kh2 Bd7 32. Qd1 Rbd8 
33. Qb3 Rb8 34. R5e2 Bc8 35. Re7 Qd6 36. R7e5 Bd7 37. R5e2 Rfe8 38. Kg1 Rxe2 
39. Rxe2 Re8 40. Rxe8+ Bxe8 41. Nd2 f5 42. Nb1 g5 43. Na3 g4 44. Qc2 Qe5 
45. Kf1 gxh3 46. gxh3 Qe4 47. Qxe4 fxe4 48. Nb5 Bxb5 1/2-1/2

[Event "XXXI Campeonato Regional Absoluto Individual"]
[Site "Museo del Vino - Jumilla 2016"]
[Date "2016.04.16"]
[Round "3.23"]
[White "Roberto Patricio López Arroniz"]
[Black "Sergio Sánchez Gómez"]
[WhiteElo "1422"]
[BlackElo "1235"]
[Result "1-0"]

1. d4 Nf6 2. Nf3 d5 3. Bf4 e6 4. e3 a6 5. Bd3 c5 6. c3 Bd7 7. Nbd2 Qb6 
8. Qb3 Qxb3 9. axb3 Nc6 10. dxc5 Bxc5 11. b4 Be7 12. b5 Nb8 13. b4 O-O 
14. O-O Ne4 15. Nxe4 dxe4 16. Bxe4 Bxb5 17. Rfd1 Nc6 18. Rd7 Bf6 
19. Rxb7 Nxb4 20. Rxb5 axb5 21. Rxa8 Rxa8 22. Bxa8 Bxc3 23. Be5 Na2 
24. Bxc3 Nxc3 25. Nd4 b4 26. Nb3 Kf8 27. Kf1 Ke7 28. Ke1 Kd6 29. Kd2 Ke5 
30. Kd3 f5 31. Nd4 g6 32. Nc6+ Kd6 33. Nxb4 Nb5 34. Nc2 e5 35. Kc4 Nc7 
36. Bf3 e4 37. Bd1 Ne6 38. Nd4 Nc7 39. Nb5+ Nxb5 40. Kxb5 h6 41. h4 g5 
42. hxg5 hxg5 43. g3 Ke5 44. f4+ gxf4 45. gxf4+ Kd6 46. Bh5 Kd5 
47. Bg6 Ke6 48. Kc5 Kf6 49. Bh7 Ke6 50. Kd4 Kf6 51. Kd5 Kg7 
52. Bxf5 1-0

[Event "XXXI Campeonato Regional Absoluto Individual"]
[Site "Museo del Vino - Jumilla 2016"]
[Date "2016.04.16"]
[Round "3.24"]
[White "Diego Juan García López"]
[Black "Carlos Javier Molina Molina"]
[WhiteElo "1247"]
[BlackElo "1643"]
[Result "0-1"]

1. d4 d5 2. c4 e6 3. Nc3 Nf6 4. Bg5 Nbd7 5. Nf3 c6 6. e3 Qa5 7. Bd3 dxc4 8.
Bxc4 Ne4 9. Rc1 Nxg5 10. Nxg5 Qxg5 11. O-O Bd6 12. Qf3 O-O 13. Ne4 Qe7 14. Bd3
Nf6 15. Nxd6 Qxd6 16. Rc5 Re8 17. Rg5 h6 18. Rc5 e5 19. Rd1 e4 0-1

[Event "XXXI Campeonato Regional Absoluto Individual"]
[Site "Museo del Vino - Jumilla 2016"]
[Date "2016.04.16"]
[Round "3.25"]
[White "Javier Valera Aznar"]
[Black "Francisco Javier Baños Cumbrera"]
[WhiteElo "1190"]
[BlackElo "1531"]
[Result "0-1"]

1. e4 e5 2. Bc4 Nc6 3. Nf3 Nf6 4. Ng5 d5 5. exd5 Na5 6. Bb5+ Bd7 7. Qe2 Bd6 
8. Bxd7+ Qxd7 9. Nc3 O-O 10. a3 b6 11. b4 Nb7 12. O-O Rfe8 13. Qc4 Bf8 
14. Qc6 Qxc6 15. dxc6 Nd8 16. b5 a6 17. a4 axb5 18. Nxb5 Bd6 19. Nxd6 cxd6 
20. c7 Nb7 21. Rb1 Ra6 22. Rb4 Rc8 23. Bb2 Rxc7 24. Rc1 h6 25. Ne4 Nxe4 
26. Rxe4 Nc5 27. Rc4 Rxa4 28. Rxa4 Nxa4 29. Ba3 Nc5 30. Rb1 Rb7 31. Rb4 Kf8 
32. d4 exd4 33. Rxd4 Ke7 34. g3 f5 35. Kg2 g5 36. Bc1 Ke6 37. f4 g4 38. h3 h5 
39. h4 b5 40. Ba3 Ne4 41. Kh2 Rc7 42. Rb4 Rxc2+ 43. Kg1 Rc3 44. Bb2 Rxg3+ 
45. Kh2 Rh3+ 46. Kg2 Rxh4 47. Rxb5 Rh3 48. Rb8 Rf3 49. Rh8 Rf2+ 50. Kg1 Rxb2 
51. Rh6+ Nf6 52. Kf1 d5 53. Ke1 Kf7 54. Rh8 Kg7 55. Rc8 h4 56. Rc7+ Kg6 
57. Kf1 Rb4 58. Kg2 Rxf4 59. Rc3 Rc4 60. Rd3 Rc2+ 61. Kg1 f4 62. Kf1 h3 
63. Kg1 g3 64. Rd1 Kg5 65. Re1 Ne4 66. Rd1 h2+ 67. Kh1 Nf2+ 
68. Kg2 Nxd1+ 0-1

[Event "XXXI Campeonato Regional Absoluto Individual"]
[Site "Museo del Vino - Jumilla 2016"]
[Date "2016.04.16"]
[Round "3.26"]
[White "Jesús Salmerón Lucas"]
[Black "Jose Gil Villaescusa"]
[WhiteElo "1417"]
[BlackElo "1423"]
[Result "1-0"]

1. e4 c5 2. Nf3 d6 3. Bc4 Nc6 4. a3 e5 5. h3 Nf6 6. d3 Be7 7. Nc3 O-O 
8. Nd5 Be6 9. Nxe7+ Qxe7 10. Bxe6 fxe6 11. Bg5 b5 12. c3 Qb7 13. Qb3 Rae8 
14. c4 b4 15. axb4 Nxb4 16. O-O Rf7 17. Bd2 Nc6 18. Qxb7 Rxb7 19. Bc3 Nh5 
20. g3 Rf8 21. Kg2 Rf6 22. Ra6 Nd4 23. Bxd4 exd4 24. Rxd6 Rbf7 25. Rd8+ Rf8 
26. Rxf8+ Rxf8 27. Ra1 Rf7 28. Ra6 Rb7 29. Rxe6 Rxb2 30. Re5 Rb3 31. Rxh5 Rxd3 
32. Rxc5 Rd1 33. Ra5 d3 34. Rxa7 d2 35. Rd7 1-0

[Event "XXXI Campeonato Regional Absoluto Individual"]
[Site "Museo del Vino - Jumilla 2016"]
[Date "2016.04.23"]
[Round "4.1"]
[White "Emilio Miguel Sánchez Jerez"]
[Black "Alejandro Castellanos Gómez"]
[WhiteElo "2272"]
[BlackElo "2137"]
[WhiteTitle "FM"]
[Result "1-0"]

1. e4 e6 2. d4 d5 3. Bd3 Nf6 4. e5 Nfd7 5. c3 c5 6. Ne2 Nc6 7. Bc2 Be7 8. O-O cxd4 
9. cxd4 Nb6 10. Nd2 Bd7 11. a3 a5 12. b3 Qb8 13. f4 g6 14. g4 f5 15. exf6 Bxf6 
16. Nf3 Qa7 17. Ne5 Rf8 18. Be3 Nc8 19. Nxd7 Kxd7 20. Qd2 Nd6 21. Rad1 a4 
22. f5 exf5 23. gxf5 g5 24. Nc3 axb3 25. Bxb3 Na5 26. Bxd5 Nac4 27. Qe2 Qxa3 
28. Bxc4 Qxc3 29. Be6+ Kd8 30. Rc1 Qa3 31. d5 Ra6 32. Rfe1 Qb4 33. Rb1 Qh4 
34. Rbd1 Bc3 35. Rf1 Bf6 36. Rfe1 Qb4 37. Bf2 Be7 38. Rb1 Qf4 39. Rec1 Bf6 
40. Qd3 Qg4+ 41. Kh1 Be5 42. f6 Rxf6 43. Bxg4 Rxf2 44. Qxh7 Rxh2+ 45. Qxh2 Bxh2 
46. Kxh2 Ra2+ 47. Kg1 Ra3 48. Be6 1-0

[Event "XXXI Campeonato Regional Absoluto Individual"]
[Site "Museo del Vino - Jumilla 2016"]
[Date "2016.04.23"]
[Round "4.2"]
[White "Luis Fernández Alvarez"]
[Black "Ángel Murcia Paredes"]
[WhiteElo "2085"]
[BlackElo "2128"]
[BlackTitle "CM"]
[Result "1-0"]

1. e4 e5 2. Bc4 Bc5 3. d3 d6 4. Nc3 c6 5. Nge2 Qf6 6. O-O Ne7 7. Kh1 g5 8. Be3 Be6 
9. Bxe6 fxe6 10. d4 exd4 11. Bxd4 e5 12. Bxc5 dxc5 13. Qd3 Nd7 14. Nd1 Ng6 15. Ne3 O-O-O 
16. Nf5 Nb8 17. Qc3 Na6 18. Nc1 Ne7 19. Nxe7+ Qxe7 20. Nd3 Rd4 21. b3 Rhd8 22. Rfe1 h5 
23. a3 g4 24. Re3 h4 25. Rae1 b6 26. f4 exf4 27. Nxf4 Nc7 28. R3e2 Nb5 29. Qe3 Nd6 
30. e5 Nf5 31. Qf2 Qh7 32. Ne6 Ng3+ 33. Kg1 Nxe2+ 34. Qxe2 Rd2 35. Qa6+ Qb7 36. Qxb7+ Kxb7 
37. Nxd8+ Rxd8 38. e6 Kc7 39. e7 Re8 40. Re4 g3 41. hxg3 hxg3 42. Kf1 Kd6 43. Ke2 Kd5 
44. Kf3 b5 45. c4+ Kd6 46. Kxg3 a5 47. a4 Kd7 48. Kf4 Kd6 49. g4 Kd7 50. g5 Kd6 
51. g6 bxa4 52. bxa4 Rxe7 53. Rxe7 Kxe7 54. Ke5 1-0

[Event "XXXI Campeonato Regional Absoluto Individual"]
[Site "Museo del Vino - Jumilla 2016"]
[Date "2016.04.23"]
[Round "4.3"]
[White "Luis Gómez Palazón"]
[Black "Leopoldo González Brusi"]
[WhiteElo "2052"]
[BlackElo "1923"]
[BlackTitle "AGM"]
[Result "1/2-1/2"]

1. Nf3 d5 2. c4 c6 3. b3 Nf6 4. Bb2 Bf5 5. g3 e6 6. Bg2 h6 7. O-O Nbd7 8. d4 Be7 
9. Nbd2 O-O 10. Re1 Ne4 11. a3 a5 12. e3 b5 13. Nxe4 Bxe4 14. cxb5 cxb5 15. Qe2 b4 
16. Nd2 Bxg2 17. Kxg2 Qb6 18. a4 Rfc8 19. Rac1 Bd8 20. Qd3 Qb7 21. e4 dxe4 22. Qxe4 Qxe4+ 
23. Nxe4 Nb6 24. Nd6 Rxc1 25. Rxc1 Nd5 26. Kf3 Kf8 27. Ke4 Ke7 28. Nf5+ Kf8 29. Ne3 Nf6+ 
30. Kd3 Ra7 31. Rc5 g6 32. d5 Nxd5 33. Nxd5 exd5 34. Rxd5 Bb6 35. Bf6 Ra8 36. f3 Rc8 
37. Rd6 Bc7 38. Rc6 Ke8 39. Kc4 Kd7 40. Kd5 Re8 41. Bd4 Re1 42. Rf6 Ke8 43. Kc6 Be5 
44. Bxe5 Rxe5 45. Rf4 f5 46. g4 fxg4 47. Rxg4 g5 48. h4 Re3 49. hxg5 hxg5 50. Rxg5 Rxf3 
51. Rxa5 Rxb3 52. Rb5 Kd8 53. Kb7 Rc3 54. Rd5+ Ke7 55. a5 Ke6 56. Rb5 Kd6 57. a6 Rc7+ 
58. Kb8 Kc6 59. Rxb4 Rh7 60. Ka8 Rh8+ 61. Rb8 Rh2 62. Rg8 Kc7 63. Rg7+ Kc8 64. Rg1 Rc2 
65. Rb1 Rc6 66. Ka7 Rc2 67. Rb7 Rc7 68. Ka8 Rc6 69. Rb8+ Kc7 70. a7 Rc2 1/2-1/2

[Event "XXXI Campeonato Regional Absoluto Individual"]
[Site "Museo del Vino - Jumilla 2016"]
[Date "2016.04.23"]
[Round "4.4"]
[White "Felipe Alcaraz Martínez"]
[Black "Antonio Galiano Martínez"]
[WhiteElo "1887"]
[BlackElo "1946"]
[Result "1/2-1/2"]

1. e4 e6 2. d4 d5 3. Bd3 dxe4 4. Bxe4 Nf6 5. Bf3 c5 6. Ne2 Nc6 7. Be3 cxd4 8. Nxd4 Nxd4 
9. Qxd4 Qa5+ 10. Nd2 Be7 11. O-O O-O 12. Nc4 Qc7 13. Bf4 Qc5 14. Rad1 Nd7 15. Bd6 Qxd4 
16. Rxd4 Bf6 17. Rd3 Re8 18. Rb3 Nb6 19. Nxb6 axb6 20. a3 e5 21. Be4 Bd8 22. Rd1 Be6 
23. Rb5 Rc8 24. c3 Bc7 25. Bxc7 Rxc7 26. Rxe5 Kf8 27. Bf3 Rce7 28. g3 f6 29. Re3 Bh3 
30. Rde1 Rxe3 31. Rxe3 Rd8 32. g4 Rd2 33. Be2 Rxb2 34. f3 f5 35. Kf2 fxg4 36. Kg3 h5 
37. Kh4 g6 38. Kg5 gxf3 39. Rxf3+ Bf5 40. Bd3 Rxh2 41. Bxf5 gxf5 42. Rxf5+ Ke7 43. Rb5 Kd7 
44. Rxb6 Kc7 45. Rb4 Kc6 46. Rc4+ Kb6 47. Rb4+ Kc7 48. Rc4+ Kb8 49. Rb4 Rh3 50. Rc4 b6 
51. a4 Kb7 52. Kf5 Ka6 53. Kg5 Rh1 54. Kf5 h4 55. Kg4 Ka5 56. Kf3 h3 57. Kg3 h2 58. Kg2 Ra1 
59. Kxh2 Rxa4 60. Rc8 Kb5 61. Rf8 Ra2+ 62. Kg1 Rc2 63. Rc8 Rd2 64. Kf1 Rd6 65. Ke2 Ka4 
66. Ke3 b5 67. Rc7 Rd1 68. Ke2 Rd8 69. Ke3 Kb3 70. Rc5 Ka4 71. Rc7 Rd1 72. Ke2 Rd8 
73. Ke3 1/2-1/2

[Event "XXXI Campeonato Regional Absoluto Individual"]
[Site "Museo del Vino - Jumilla 2016"]
[Date "2016.04.23"]
[Round "4.5"]
[White "Sonia Gil Guilez"]
[Black "Daniel Navarro Martínez"]
[WhiteElo "2060"]
[BlackElo "1932"]
[WhiteTitle "WFM"]
[Result "1-0"]

1. d4 Nf6 2. c4 g6 3. Nc3 Bg7 4. e4 d6 5. Nf3 O-O 6. Be2 e5 7. Be3 Ng4 8. Bg5 f6 
9. Bh4 g5 10. Bg3 Nc6 11. d5 Ne7 12. Nxg5 Nxf2 13. Bxf2 fxg5 14. O-O Ng6 15. Bg4 Nf4 
16. Be3 h6 17. g3 Nh3+ 18. Kg2 Rxf1 19. Kxf1 Bxg4 20. Qxg4 Qc8 21. Qh5 g4 22. Kg2 Qd7 
23. Rf1 Rf8 24. Rxf8+ Bxf8 25. Qg6+ Bg7 26. Bxh6 a6 27. Nd1 Qf7 28. Qxg4 1-0

[Event "XXXI Campeonato Regional Absoluto Individual"]
[Site "Museo del Vino - Jumilla 2016"]
[Date "2016.04.23"]
[Round "4.6"]
[White "Jaime Espadiña Solano"]
[Black "Iban Lucas Vega"]
[WhiteElo "1736"]
[BlackElo "2209"]
[Result "0-1"]

1. e4 c5 2. Nf3 d6 3. d4 cxd4 4. Nxd4 Nf6 5. Nc3 g6 6. g3 Nc6 7. Nde2 Bg7 8. Bg2 O-O 
9. O-O Be6 10. Nf4 Bc4 11. Re1 Rc8 12. Nfd5 Ne8 13. a3 e6 14. Ne3 Ba6 15. Rb1 Qc7 
16. Na2 b6 17. b3 Nf6 18. Bb2 Rfd8 19. c4 b5 20. cxb5 Bxb5 21. Rc1 Qb6 22. Ba1 h5 
23. Nc3 Ne5 24. Nxb5 Rxc1 25. Qxc1 Qxb5 26. Qc7 Rd7 27. Qc8+ Kh7 28. Bxe5 dxe5 
29. Qc4 Qa5 30. Qc1 Bh6 31. b4 Qb6 32. Qc5 Qxc5 33. bxc5 Rc7 34. Rc1 Nd7 35. c6 Nb8 
36. Bf1 Bxe3 37. fxe3 Rxc6 38. Rxc6 Nxc6 39. Bb5 Nd8 40. Kf2 Kg7 41. Kf3 Kf8 42. h4 Ke7 
43. g4 hxg4+ 44. Kxg4 Nb7 45. Bc6 Nc5 46. Ba8 Nb3 47. a4 a5 48. Kg5 Nc1 49. Kg4 Ne2 
50. Kg5 Nc3 51. Bc6 Nd1 52. Kg4 Nxe3+ 53. Kg3 f6 54. Kf3 Nc2 55. Kg4 Nd4 56. Bb7 Ne2 
57. Kf3 Nf4 58. Kg4 Kf7 59. Ba6 Kg7 60. Bb5 Kh6 61. Bf1 f5+ 62. exf5 exf5+ 
63. Kg3 Kh5 0-1

[Event "XXXI Campeonato Regional Absoluto Individual"]
[Site "Museo del Vino - Jumilla 2016"]
[Date "2016.04.23"]
[Round "4.7"]
[White "Daniel Alarcón Olmos"]
[Black "José Ruíz García"]
[WhiteElo "2049"]
[BlackElo "1836"]
[Result "1/2-1/2"]

1. e4 c6 2. d4 d5 3. Nc3 dxe4 4. Nxe4 Nf6 5. Nxf6+ exf6 6. Be2 Bd6 7. Nf3 O-O 
8. Be3 Qc7 9. Qd2 Be6 10. c4 Re8 11. d5 cxd5 12. cxd5 Bg4 13. Rc1 Qe7 14. O-O Nd7 
15. Rfd1 a6 16. Nd4 Bxe2 17. Nxe2 Rac8 18. Rxc8 Rxc8 19. Rc1 Re8 20. Ng3 Qe5 
21. b4 f5 22. Bc5 g6 23. Nf1 f4 24. f3 Nf6 25. Rd1 Rd8 26. Bd4 Qf5 27. Bxf6 Qxf6 
28. Qd4 Qxd4+ 29. Rxd4 Rc8 30. Nd2 Rc1+ 31. Kf2 Rc2 32. a3 a5 33. Ke2 axb4 
34. axb4 Rb2 35. b5 Bb4 36. Kd1 Rxd2+ 37. Rxd2 Bxd2 38. Kxd2 Kf8 39. Kd3 Ke7 
40. Kd4 Kd6 41. b6 f6 42. Kc4 h5 43. h3 h4 44. Kd4 f5 45. Kc4 Ke5 46. Kc5 g5 
47. Kc4 Kd6 48. Kd4 g4 49. Kc4 Kd7 50. Kd3 Ke7 51. Kc4 Kd7 52. Kc5 Ke7 53. Kd4 Kd6 
54. Kc4 Kd7 1/2-1/2

[Event "XXXI Campeonato Regional Absoluto Individual"]
[Site "Museo del Vino - Jumilla 2016"]
[Date "2016.04.23"]
[Round "4.8"]
[White "Juan José Reina Fernández"]
[Black "Pedro Pol Plazas"]
[WhiteElo "1714"]
[BlackElo "1888"]
[WhiteTitle "AFM"]
[Result "0-1"]

1. e4 c5 2. Nc3 d6 3. Bb5+ Bd7 4. Bxd7+ Qxd7 5. f4 Nc6 6. Nf3 e6 7. O-O Be7 8. d4 d5 
9. exd5 exd5 10. Re1 O-O-O 11. Ne5 Nxe5 12. Rxe5 Nf6 13. dxc5 Bxc5+ 14. Kh1 Ng4 
15. Re2 Nf2+ 16. Rxf2 Bxf2 17. Qf3 Bb6 18. Bd2 Rhe8 19. a4 a6 20. b4 Qf5 21. Rc1 d4 
22. Ne2 Qe4 23. Ng1 Qxf3 24. Nxf3 Re2 25. c4 Kb8 26. c5 Bc7 27. Kg1 f6 28. b5 axb5 
29. axb5 Re4 30. g3 Rd5 31. Ne1 g5 32. b6 Bd8 33. Nd3 Re2 34. Be1 Be7 35. Kf1 Re3 
36. Nb4 Rxc5 37. Rxc5 Bxc5 38. Nd5 Re6 39. fxg5 fxg5 40. Bd2 Re5 0-1

[Event "XXXI Campeonato Regional Absoluto Individual"]
[Site "Museo del Vino - Jumilla 2016"]
[Date "2016.04.23"]
[Round "4.9"]
[White "José Carlos Martínez Bastida"]
[Black "Julio César Herreros Guillermo"]
[WhiteElo "1650"]
[BlackElo "1855"]
[Result "1-0"]

1. d4 Nf6 2. Nc3 d5 3. Bf4 c6 4. e3 Bf5 5. Nf3 e6 6. Ne5 Be7 7. g4 Bg6 8. h4 h6 
9. Nxg6 fxg6 10. Bd3 O-O 11. Bxg6 Bd6 12. Qf3 Nfd7 13. Qg3 Bxf4 14. exf4 Qf6 
15. f5 exf5 16. gxf5 Qxd4 17. Qg2 Nc5 18. Rd1 Qe5+ 19. Kf1 Nbd7 20. Re1 Qf6 
21. Qg3 Ne4 22. Nxe4 dxe4 23. Rxe4 Nc5 24. Re5 b6 25. b4 Nd7 26. Re3 Qd4 27. Rg1 Rf6 
28. Bh7+ 1-0